000 00481nam a2200145Ia 4500
003 OSt
005 20260123143924.0
008 211028s2016 xx 000 0 und d
040 _cAIMIT LIBRARY
041 _aeng
100 _aRoy, Sankolita; D Souza Rayan.
_g1416127
_97546
245 _aStudy on factors affecting business development with reference to sales and service strategies CRM and VM at FBB Mangalore /
260 _aMangalore
_bRayan D Souza.
_c2016
942 _2ddc
_cPRO
999 _c219114
_d219114